|
|
|
|
| LEADER |
00000caa a2200000 c 4500 |
| 001 |
1621931331 |
| 003 |
DE-627 |
| 005 |
20220606122155.0 |
| 007 |
tu |
| 008 |
080404s1996 xx ||||| 00| ||ger c |
| 035 |
|
|
|a (DE-627)1621931331
|
| 035 |
|
|
|a (DE-576)278798772
|
| 035 |
|
|
|a (DE-599)BSZ278798772
|
| 040 |
|
|
|a DE-627
|b ger
|c DE-627
|e rakwb
|
| 041 |
|
|
|a ger
|
| 100 |
1 |
|
|a Zeiler, Horst
|4 aut
|
| 245 |
1 |
0 |
|a Einige Gedanken zum Begriff des Amtsträgers im Sinne des § 11 I Nr. 2 c StGB
|c Horst Zeiler
|
| 264 |
|
1 |
|c 1996
|
| 336 |
|
|
|a Text
|b txt
|2 rdacontent
|
| 337 |
|
|
|a ohne Hilfsmittel zu benutzen
|b n
|2 rdamedia
|
| 338 |
|
|
|a Band
|b nc
|2 rdacarrier
|
| 773 |
0 |
8 |
|i In
|t Monatsschrift für deutsches Recht
|d Köln : O. Schmidt, 1947
|g 50(1996), 5, Seite 439 - 442
|w (DE-627)129492345
|w (DE-600)206500-9
|w (DE-576)01488786X
|x 0340-1812
|7 nnas
|
| 773 |
1 |
8 |
|g volume:50
|g year:1996
|g number:5
|g pages:439 - 442
|
| 935 |
|
|
|a mkri
|
| 951 |
|
|
|a AR
|
| ELC |
|
|
|b 1
|
| LOK |
|
|
|0 000 xxxxxcx a22 zn 4500
|
| LOK |
|
|
|0 001 3243093864
|
| LOK |
|
|
|0 003 DE-627
|
| LOK |
|
|
|0 004 1621931331
|
| LOK |
|
|
|0 005 20160223095240
|
| LOK |
|
|
|0 008 160208||||||||||||||||ger|||||||
|
| LOK |
|
|
|0 040
|a DE-21-110
|c DE-627
|d DE-21-110
|
| LOK |
|
|
|0 689
|a s
|a Amtsdelikte
|
| LOK |
|
|
|0 852
|z Kein Bestand am IfK; Nachweis für KrimDok
|
| LOK |
|
|
|0 852
|a DE-21-110
|
| LOK |
|
|
|0 852 1
|m v
|9 00
|
| LOK |
|
|
|0 935
|a k110
|
| LOK |
|
|
|0 938
|k v
|
| LOK |
|
|
|0 939
|a 08-02-16
|b l01
|
| ORI |
|
|
|a SA-MARC-krimdoka001.raw
|